Dinosauři /

Main Author: Fleming, Garry
Other Authors: Kovaříková, Magda
Language: Czech
Published: Čestlice : Rebo, 2010
Edition: 2. vyd.
Series: Poznáváme s puzzle
Subjects:
Physical Description: [12] s. : barev. il. ; 24 x 33 cm
Book
Saved in:
LEADER 01631nam a2200481 a 4500
001 nkc20102108272
003 CZ PrNK
005 20260417101050.0
007 ta
008 100526s2010 xr a b f 000 0 cze
015 |a cnb002108272 
020 |a 978-80-255-0338-6  |q (váz.) 
035 |a (OCoLC)670479164 
040 |a BOA001  |b cze 
041 1 |a cze  |h eng 
072 7 |a 56  |x Paleontologie  |2 Konspekt  |9 7 
072 7 |a 0/9-053.2  |x Literatura pro děti a mládež (naučná)  |2 Konspekt  |9 26 
080 |a 598.192  |2 MRF 
080 |a (0.053.2)  |2 MRF 
080 |a (0.029)  |2 MRF 
100 1 |a Fleming, Garry  |7 mzk2005290062  |4 aut  |4 ill 
245 1 0 |a Dinosauři /  |c [text a ilustrace Garry Fleming ; z anglického originálu ... přeložila Magda Kovaříková] 
250 |a 2. vyd. 
260 |a Čestlice :  |b Rebo,  |c 2010 
300 |a [12] s. :  |b barev. il. ;  |c 24 x 33 cm 
490 1 |a Poznáváme s puzzle 
500 |a Název z obálky 
500 |a Kartonové listy s 5 x 48 dílky puzzle 
521 8 |a Nevhodné pro děti do tří let 
650 0 7 |a dinosauři  |7 ph114326  |2 czenas 
650 0 9 |a dinosaurs  |2 eczenas 
655 7 |a publikace pro děti  |7 fd133156  |2 czenas 
655 7 |a puzzle  |7 fd131797  |2 czenas 
655 9 |a children's literature  |2 eczenas 
655 9 |a jigsaw puzzles  |2 eczenas 
700 1 |a Kovaříková, Magda  |7 mzk2007386056  |4 trl 
765 0 |t Dinosaurs  |9 Česky 
830 0 |a Poznáváme s puzzle  |0 s 
910 2 |a BOA001  |b M4-1247.809 
990 |a BK 
995 |a 01 
991 |b 201008  |e dn 
996 6 |b 2610445174  |c M4-1247.809  |l MZK  |r Sklad / do 24 hodin  |n 0  |p p.v.  |w 001137810  |u 000010  |a 1  |e BOA001  |j MZK50  |s P